A building control system for the 21st century (Record no. 107349)

MARC details
000 -LEADER
fixed length control field 01367cad a22002655a 4500
001 - CONTROL NUMBER
control field L139790
008 - FIXED-LENGTH DATA ELEMENTS--GENERAL INFORMATION
fixed length control field 070808s2007 xxk f 000 0 eng d
035 ## - SYSTEM CONTROL NUMBER
System control number (Sirsi) u139790
041 0# - LANGUAGE CODE
Language code of text/sound track or separate title eng
050 04 - LIBRARY OF CONGRESS CALL NUMBER
Classification number 692.2 $2 18
110 2# - MAIN ENTRY--CORPORATE NAME
Corporate name or jurisdiction name as entry element Building Control Alliance
9 (RLIN) 5309
245 02 - TITLE STATEMENT
Title A building control system for the 21st century
Remainder of title full report
Medium [electronic resource]
260 ## - PUBLICATION, DISTRIBUTION, ETC.
Place of publication, distribution, etc. London
Name of publisher, distributor, etc. BC Alliance
Date of publication, distribution, etc. 2007
520 ## - SUMMARY, ETC.
Summary, etc. In response to government's discussion paper "The future of building control" (L137794), this report outlines key recommendations on what government should do to improve the building control system. The report focuses on the issues identified in "The future of building control", with strong views on self certification, prior approval and the building notice system.
590 ## - LOCAL NOTE (RLIN)
Local note KA
650 24 - SUBJECT ADDED ENTRY--TOPICAL TERM
Topical term or geographic name entry element BUILDING REGULATIONS 2000
651 #4 - SUBJECT ADDED ENTRY--GEOGRAPHIC NAME
Geographic name England and Wales
Chronological subdivision 1543-
690 ## - LOCAL SUBJECT ADDED ENTRY--TOPICAL TERM (OCLC, RLIN)
Topical term or geographic name as entry element BUILT ENVIRONMENT-BUILDING STANDARDS
710 2# - ADDED ENTRY--CORPORATE NAME
Corporate name or jurisdiction name as entry element Royal Institution of Chartered Surveyors
Subordinate unit Building Control Faculty
9 (RLIN) 5310
710 2# - ADDED ENTRY--CORPORATE NAME
Corporate name or jurisdiction name as entry element Association of Building Engineers
9 (RLIN) 1804
710 2# - ADDED ENTRY--CORPORATE NAME
Corporate name or jurisdiction name as entry element Association of Consultant Approved Inspectors
9 (RLIN) 5311
710 2# - ADDED ENTRY--CORPORATE NAME
Corporate name or jurisdiction name as entry element Local Authority Building Control
9 (RLIN) 3913
856 40 - ELECTRONIC LOCATION AND ACCESS
Uniform Resource Identifier <a href="https://www.rics.org/Global/Downloads/BuildingControlSystem2stCentury07.pdf">https://www.rics.org/Global/Downloads/BuildingControlSystem2stCentury07.pdf</a>
Public note View the report free of charge at www.rics.org...
942 ## - ADDED ENTRY ELEMENTS (KOHA)
Suppress in OPAC 0
Holdings
Withdrawn status Lost status Source of classification or shelving scheme Damaged status Not for loan Home library Current library Shelving location Date acquired Total Checkouts Full call number Barcode Date last seen Copy number Price effective from Koha item type
    Dewey Decimal Classification     Virtual Virtual Online 08/08/2007   ONLINE PUBLICATION 139790-2001 06/08/2019 1 06/08/2019 Book